000 00866cam a22002652 4500
001 13708
003 BD-RUCL
005 20211208235511.0
008 140201r19601959nyu 000 0 eng u
035 _a(BD-RUCL)13760
040 _aBD-RjUL
_beng
_cBD-RUCL
_dBD-RUCL
041 _aeng
082 0 4 _a621.381
_218
_bWHI 1960
090 _aTK7825
_b.W5 1959
100 1 _aWhitfield, I. C.
_q(Ian Cunliffe),
_d1917-
_942889
245 1 3 _aAn introduction to electronics for physiological workers.
250 _a2d ed.
260 _aLondon :
_bMacmillan ;
_aNew York :
_bSt. Martin's Press,
_c1959.[Reprinted 1960]
300 _axi, 263 p.
_billus., diagrs.
_c20 cm.
504 _aIncludes bibliographies.
650 0 _aElectronics
_xHandbooks, manuals, etc.
_942890
650 2 _aElectronics
_942891
740 0 0 _aElectronics for physiological workers
942 _2ddc
_cBK
999 _c13708
_d13708